| 000 | 00763nam a22002897i 4500 | ||
|---|---|---|---|
| 001 | 3262 | ||
| 003 | OSt | ||
| 005 | 20170126082316.0 | ||
| 007 | tu | ||
| 008 | 161220s1996 xxu||||| |||| 00| 0 d | ||
| 024 | 7 |
_a3261 _2RID |
|
| 040 | _cOSt | ||
| 084 |
_a3.21 _a15.24 _2z |
||
| 245 | 0 | 0 | _aGovernance, Leadership, and Communication - Building Constituencies for Economic Reform. Essays on: Venezuela, Malaysia, Tanzania, Bolivia, Egypt, Ghana, Pakistan, Turkey, Brazil |
| 260 |
_aWashington, _c1996. |
||
| 300 |
_a357 S. ; _c30cm. |
||
| 651 | _aVenezuela | ||
| 651 | _aMalaysia | ||
| 651 | _aTanzania | ||
| 651 | _aBolivia | ||
| 651 | _aEgypt | ||
| 651 | _aGhana | ||
| 651 | _aPakistan | ||
| 651 | _aTurkey | ||
| 651 | _aBrazil | ||
| 110 | 2 |
_aWorld Bank _eEd. |
|
| 942 | _cB | ||
| 999 |
_c3215 _d3215 |
||